Online
Catalog

Grupo de experimentación sonora del ICAIC : (Record no. 3522)

MARC details
000 -CABECERA
campo de control de longitud fija 00625nam a2200193 a 4500
001 - NÚMERO DE CONTROL
campo de control 000003700
005 - FECHA Y HORA DE LA ÚLTIMA TRANSACCIÓN
campo de control 20200929150533.0
008 - DATOS DE LONGITUD FIJA--INFORMACIÓN GENERAL
campo de control de longitud fija 090713s2005 cu ac 000 0 spa d
020 ## - NÚMERO INTERNACIONAL ESTÁNDAR DEL LIBRO
Número Internacional Estándar del Libro 9591009585
040 ## - FUENTE DE LA CATALOGACIÓN
Centro catalogador/agencia de origen DO-SdBNP
Lengua de catalogación spa
Centro/agencia transcriptor BNPHU
082 ## - NÚMERO DE LA CLASIFICACIÓN DECIMAL DEWEY
Número de clasificación xxx
Número de documento/Ítem S251g
049 ## - FONDOS LOCALES (OCLC)
Fondos de biblioteca En proceso
100 1# - ENTRADA PRINCIPAL--NOMBRE DE PERSONA
Nombre de persona Sarusky, Jaime,
Fechas asociadas al nombre 1937-
9 (RLIN) 11304
245 10 - MENCIÓN DE TÍTULO
Título Grupo de experimentación sonora del ICAIC :
Resto del título mito y realidad /
Mención de responsabilidad, etc. Jaime Sarusky.
260 ## - PUBLICACIÓN, DISTRIBUCIÓN, ETC.
Lugar de publicación, distribución, etc. La Habana, :
Nombre del editor, distribuidor, etc. Letras cubanas,
Fecha de publicación, distribución, etc. 2005.
300 ## - DESCRIPCIÓN FÍSICA
Extensión 94 p. :
Otras características físicas il., retrs. ;
Dimensiones 20 cm.
500 ## - NOTA GENERAL
Nota general Incluye índice.
500 ## - NOTA GENERAL
Nota general Incluye datos biográficos del autor en la contracubierta.
Holdings
Estado de retiro Estado de pérdida Restricciones de uso No para préstamo Código de colección Localización permanente Ubicación/localización actual Ubicación en estantería Fecha de adquisición Número de inventario Total de préstamos Signatura topográfica completa Código de barras Fecha visto por última vez Precio válido a partir de Tipo de ítem Koha
    Préstamo interno   Monografías: Libros y Folletos General General En catalogación 13.07.2009 LF1   xxx S251g 3700-10 25.06.2020 25.06.2020 Préstamo interno

Powered by Koha